Statistiques concernant Québec Connaissance générale

Cliquez ici pour prendre le quiz!

Statistiques générales

  • Ce quiz a été pris 51 fois
    (38 depuis la dernière actualisation)
  • Le résultat moyen est 9 sur 15

Statistiques - réponses

questionréponse% Correct
Qu'elle est la plus grande ville du Québec ?Montréal
97%
Qu'elle est la capitale du Québec ?Québec
93%
Comment s'appelle le premier ministre du Québec en 2023 ?François Legault
90%
Comment dit t'on pain au chocolat en québécois ?chocolatine
87%
Qui a fondé le Québec ?Samuel de champlain
77%
Quelle est le met le traditionnel du Québec ?poutine
70%
Qu'elle est la principale religion pratiquée au Québec en 2023 ?catholique
67%
Comment dit-on croc-en-jambe en québécois ?jambette
67%
Comment s'appelle l'équipe de hockey du Québec ?Canadiens
63%
Quand le Québec a été fondé ? indice 17 siècle ?1608
47%
Combien (en million) la province de Québec compte d'habitants en 2023 ?8 mil
40%
Combien (en million) compte d'habitants Montréal en 2023 ?4 mil
30%
Combien de mois dure l'hiver au Québec ?6 mois
27%
qui est le créateur de ce quiz ?Simsucs
27%
Quelle le climat au Québec ?boreal
7%

Distribution des résultats

Percentile par nombre de réponses

% des personnes avec chaque résultat

Votre développement - résultats

Vous n’avez pas pris ce quiz depuis la dernière actualisation